| 000 | 00906nam a22002897a 4500 | ||
|---|---|---|---|
| 003 | CHAP | ||
| 005 | 20220329133747.0 | ||
| 008 | 971013s1961 r 00010 d | ||
| 010 | _a10481 | ||
| 011 | _a11453 | ||
| 035 | _a10691 | ||
| 040 | _cCHAP | ||
| 082 |
_a574.87 _bC4 |
||
| 100 | 0 | 0 |
_aChambers, Robert Warner. _921772 |
| 245 | _aExplorations into the nature of the living cell | ||
| 260 |
_aCambridge, Mass. : _bHarvard University Press, _c1961 |
||
| 300 |
_a352 p. _b: ilus |
||
| 590 |
_aBATCH-UPD _b10 _c20130110 _lUCH01 _h0111 |
||
| 590 |
_aBATCH-UPD _b10 _c20130110 _lUCH01 _h1847 |
||
| 590 |
_aBATCH-UPD _b10 _c20130410 _lUCH01 _h1217 |
||
| 590 |
_aBATCH-UPD _b10 _c20130914 _lUCH01 _h0917 |
||
| 590 |
_aCONVERSION _b10 _c20130109 _lUCH01 _h1307 |
||
| 650 | 1 | 4 |
_aCitologĂa. _923489 |
| 901 | _aBK | ||
| 942 | _cLIBRO | ||
| 949 |
_a574.87 C4 _bBC _cLIBRO _d33724000473500 _eLIBRO _h12617 _i10691 _si _t100.00 |
||
| 999 |
_c10481 _d10481 |
||